000 00662nam a2200241Ia 4500
005 20260430150144.0
008 008 250103s9999 xx 000 0 eng d
037 _aTheses
040 _aCRL
040 _beng
040 _ceng
041 _2eng
041 _aeng
084 _qCRL
100 _aYadav Deepika Au.; Awasthi Satish K. Gu.
_91236618
245 0 _aDesign and Synthesis of Triazine-Based Covalent Organic Polymer Materials for Catalytic Applications
260 _c2021
300 _a188p.
650 _aChemistry
700 _aUniversity of Delhi. Faculty of Science. Deptt of Chemistry
942 _cTH
999 _c1849085
_d1849085